[Event "XXXI Campeonato Regional Absoluto Individual"]
[Site "Museo del Vino - Jumilla 2016"]
[Date "2016-05-21"]
[Round "7.3"]
[White "Ángel Murcia Paredes"]
[Black "Daniel Alarcón Olmos"]
[WhiteElo "2128"]
[BlackElo "2049"]
[WhiteTitle "CM"]
[Result "1-0"]

1. e4 c5 2. c3 e6 3. d4 cxd4 4. cxd4 d6 5. Nc3 Nf6 6. Nf3 Be7 7. Bd3 Nc6 8. O-O a6 9. Re1 e5 10. d5 Nb8 
11. h3 b5 12. b4 O-O 13. a4 bxa4 14. Nxa4 Ne8 15. Be3 Nd7 16. Qc2 Bb7 17. Nd2 f5 18. f3 Bh4 19. Nc4 Bxe1 
20. Rxe1 fxe4 21. fxe4 Rc8 22. Qb3 Qh4 23. Re2 Rc7 24. Nc3 Ndf6 25. Bf2 Qg5 26. Qb1 Nh5 27. Be3 Qg3 28. b5 Rcf7 
29. Qd1 Bc8 30. Qe1 Rf1+ 31. Qxf1 Rxf1+ 32. Kxf1 Nf4 33. Rd2 Qg6 34. Bxf4 exf4 35. e5 Qg3 36. Ne4 Qh2 37. e6 f3 
38. gxf3 Qxh3+ 39. Kf2 Qh2+ 40. Ke3 Qg1+ 41. Rf2 Qc1+ 42. Rd2 Qg1+ 43. Rf2 Qc1+ 44. Rd2 h5 45. Ke2 Qg1 46. Nf2 h4 
47. Bf5 a5 48. Rd4 Qg5 49. Bd3 a4 50. Rg4 Qxd5 51. Ne3 Qa2+ 52. Kf1 Qa1+ 53. Kg2 h3+ 
54. Nxh3 Qb2+ 55. Nf2 1-0

[Event "XXXI Campeonato Regional Absoluto Individual"]
[Site "Museo del Vino - Jumilla 2016"]
[Date "2016-05-21"]
[Round "7.4"]
[White "Leopoldo González Brusi"]
[Black "Alejandro Castellanos Gómez"]
[WhiteElo "1923"]
[BlackElo "2137"]
[WhiteTitle "AGM"]
[Result "1/2-1/2"]

1. e4 e6 2. c4 d5 3. exd5 exd5 4. cxd5 Nf6 5. Bb5+ Nbd7 6. Nc3 a6 7. Be2 Nb6 
8. Nf3 Nbxd5 9. O-O Be7 10. d4 O-O 11. Ne5 Bf5 12. g4 Be6 13. f4 Nxc3 14. bxc3 Nd5 
15. Bd2 f6 16. Nd3 Nb6 17. f5 Bf7 18. Re1 Bd6 19. Bf3 c6 20. Bf4 Nd5 21. Bxd6 Qxd6 
22. Qd2 Qa3 23. Bxd5 Bxd5 24. Reb1 Qe7 25. Nc5 Rfe8 26. Re1 Qf7 27. a3 b6 
28. Nd3 Re7 29. Nf4 Rae8 30. Kf2 Re4 31. Rxe4 Bxe4 32. Re1 Bd5 33. Nxd5 cxd5 
34. Rxe8+ Qxe8 35. Qe2 Qc8 36. Qe7 h5 37. h3 Qb8 38. Qe6+ Kh7 39. Qxd5 Qh2+ 
40. Qg2 Qf4+ 41. Ke2 Qc1 42. Qf3 Qc2+ 43. Kf1 Qc1+ 44. Kf2 Qd2+ 45. Kg1 Qc1+ 
46. Kg2 Qd2+ 47. Kg1 h4 48. d5 Qc1+ 49. Kg2 Qxa3 50. g5 Qa2+ 51. Kf1 Qb1+ 
52. Ke2 Qc2+ 53. Ke1 Qc1+ 54. Ke2 Qc2+ 55. Ke1 Qc1+ 56. Ke2 Qb2+ 57. Kd1 Qb1+ 
58. Kd2 Qa2+ 59. Kd3 Qb1+ 60. Kd2 Qb2+ 61. Kd1 Qa1+ 62. Kd2 Qa2+ 63. Kd3 Qb1+ 
64. Kd2 1/2-1/2

[Event "XXXI Campeonato Regional Absoluto Individual"]
[Site "Museo del Vino - Jumilla 2016"]
[Date "2016-05-21"]
[Round "7.5"]
[White "Luis Gómez Palazón"]
[Black "Juan José Reina Fernández"]
[WhiteElo "2052"]
[BlackElo "1714"]
[BlackTitle "AFM"]
[Result "1-0"]

1. e4 e5 2. d4 exd4 3. Qxd4 Nc6 4. Qe3 Nf6 5. Nc3 d6 6. Be2 Nb4 7. Bb5+ Bd7 8. Qe2 c6 9. Bc4 b5 10. Bb3 a5 
11. a3 Na6 12. Nf3 Nc5 13. O-O Nxb3 14. cxb3 Be7 15. Bf4 O-O 16. Rad1 Ne8 17. Rd2 Qb6 18. Rfd1 Rd8 
19. Bxd6 Nxd6 20. e5 Be6 21. exd6 Bf6 22. Ne4 Bxb3 23. Nxf6+ gxf6 24. Re1 Bd5 25. Nd4 Kh8 26. Qe7 Rg8 
27. Qxf6+ 1-0

[Event "XXXI Campeonato Regional Absoluto Individual"]
[Site "Museo del Vino - Jumilla 2016"]
[Date "2016-05-21"]
[Round "7.6"]
[White "Pedro Pol Plazas"]
[Black "José Joaquín Sánchez Fernández"]
[WhiteElo "1888"]
[BlackElo "1939"]
[Result "1-0"]

1. c4 Nf6 2. g3 e5 3. Bg2 Nc6 4. Nc3 Bc5 5. d3 h6 6. Nf3 d6 7. O-O O-O 8. a3 a5 9. h3 Be6 10. e4 Qd7 
11. Kh2 Nh7 12. Be3 Bxe3 13. fxe3 Ne7 14. Nd5 Ng6 15. Qe2 Rab8 16. b4 Bxd5 17. cxd5 axb4 18. axb4 Qb5 
19. Qd2 Ra8 20. h4 Nf6 21. Bh3 c6 22. dxc6 bxc6 23. g4 Rxa1 24. Rxa1 Rb8 25. g5 hxg5 26. hxg5 Nh7 27. Rb1 c5 
28. Bf5 cxb4 29. Kg3 b3 30. Qh2 Qxd3 31. Rh1 Nhf8 32. Bxg6 fxg6 33. Qh8+ Kf7 34. Rc1 Nd7 35. Qh3 Rd8 
36. Rc7 Qb5 37. Nh4 b2 38. Nxg6 Kxg6 39. Qf5+ Kh5 40. Rc2 1-0

[Event "XXXI Campeonato Regional Absoluto Individual"]
[Site "Museo del Vino - Jumilla 2016"]
[Date "2016-05-21"]
[Round "7.7"]
[White "Juan Sergio Pérez Hernández"]
[Black "Daniel Navarro Martínez"]
[WhiteElo "1838"]
[BlackElo "1932"]
[Result "1/2-1/2"]

1. d4 Nf6 2. Nf3 g6 3. Bf4 Bg7 4. e3 d6 5. Be2 O-O 6. O-O b6 7. c3 Bb7 8. Nbd2 Nbd7 9. h3 Ne4 10. Qc2 f5 
11. Qb3+ Kh8 12. Nxe4 fxe4 13. Ng5 e5 14. Ne6 Qc8 15. Nxf8 exf4 16. Nxd7 f3 17. Nxb6 axb6 18. Bc4 Qf5 
19. Be6 Qg5 20. g3 Ra5 21. Qc4 Qe7 22. d5 Be5 23. b4 Ra3 24. Rfc1 h5 25. Rc2 Ra8 26. a4 Qg5 27. Qxe4 Rf8 
28. h4 Qf6 29. Qc4 Bc8 30. Bxc8 Rxc8 31. Qe4 Rg8 32. a5 bxa5 33. bxa5 g5 34. hxg5 Rxg5 35. Qh4 Qg6 36. Raa2 Rg4 
37. Qh2 h4 38. a6 Qd3 39. Qh3 Bxg3 40. fxg3 Rxg3+ 41. Kh2 Rxh3+ 42. Kxh3 Qxe3 43. Kxh4 Qf4+ 44. Kh3 Qf5+ 
45. Kg3 Qg5+ 46. Kxf3 Qxd5+ 47. Ke2 Qg2+ 48. Kd3 Qd5+ 49. Ke3 Qg5+ 50. Kf2 Qh4+ 51. Kg2 Qe4+ 52. Kg1 Qe1+ 
53. Kh2 Qh4+ 54. Kg2 Qe4+ 55. Kg3 Qe3+ 56. Kg4 Qe4+ 57. Kg5 Qe5+ 58. Kg6 Qe6+ 59. Kh5 Qf5+ 60. Kh4 Qf4+ 
61. Kh3 Qf5+ 62. Kg3 Qg5+ 63. Kf2 Qh4+ 64. Kf1 Qh1+ 65. Ke2 Qg2+ 66. Kd1 Qf1+ 67. Kd2 Qf4+ 68. Kd3 Qf3+ 
69. Kc4 Qc6+ 70. Kd4 Qc5+ 71. Kd3 Qf5+ 1/2-1/2

[Event "XXXI Campeonato Regional Absoluto Individual"]
[Site "Museo del Vino - Jumilla 2016"]
[Date "2016-05-21"]
[Round "7.8"]
[White "Asensio Sabater Sánchez"]
[Black "Pablo Jiménez Ruiz"]
[WhiteElo "2050"]
[BlackElo "1551"]
[Result "0-1"]

1. d4 b5 2. Nf3 Bb7 3. Bg5 h6 4. Bh4 g5 5. Bg3 e6 6. e3 a6 7. c4 b4 8. Bd3 c5 9. Nbd2 Nf6 10. O-O Rg8 11. dxc5 Bxc5 
12. Nb3 Be7 13. Re1 h5 14. e4 h4 15. Bxb8 Rxb8 16. e5 Nh5 17. Be4 Qc7 18. Nfd2 Nf4 19. Qf3 f5 20. exf6 Bxf6 21. Bxb7 Rxb7 
22. Ne4 Be7 23. Rad1 g4 24. Qe3 h3 25. Qd4 Nxg2 26. Re2 Nh4 27. Nd6+ Bxd6 28. Qxd6 Nf3+ 29. Kh1 Qxd6 30. Rxd6 Ke7 
31. Rxa6 Rc7 32. c5 Rg5 33. Rc2 Re5 34. Rc1 Re2 35. Rf1 Rb7 36. Na5 Rb5 37. Nb3 e5 38. Ra7 Ke6 39. Ra6+ Ke7 40. Ra7 Rc2 
41. Ra6 e4 42. Rg6 e3 43. Rxg4 e2 44. Re4+ Kd8 45. Ra1 e1=Q+ 46. Raxe1 Nxe1 47. Rxe1 Rxf2 48. Rd1 Kc7 0-1

[Event "XXXI Campeonato Regional Absoluto Individual"]
[Site "Museo del Vino - Jumilla 2016"]
[Date "2016-05-21"]
[Round "7.9"]
[White "Felipe Alcaraz Martínez"]
[Black "Francisco Pérez García"]
[WhiteElo "1887"]
[BlackElo "1537"]
[Result "1-0"]

1. e4 c5 2. c3 Nc6 3. d4 e6 4. Be3 Qb6 5. Na3 d5 6. dxc5 Bxc5 7. Bxc5 Qxc5 8. Nb5 Qe7 9. Nf3 a6 10. Nbd4 dxe4 
11. Nxc6 bxc6 12. Qa4 Bd7 13. Qxe4 Rb8 14. Qe5 Rxb2 15. Qxg7 Qc5 16. Be2 Rxe2+ 17. Kxe2 Qc4+ 18. Ke1 Ke7 
19. Qxf7+ Kxf7 20. Ne5+ Ke7 21. Nxc4 Nf6 22. Rb1 Nd5 23. Rb7 Rd8 24. Ne5 Ke8 25. Nxd7 Rxd7 26. Rxd7 Kxd7 
27. Kd2 Nf4 28. g3 Nh3 29. Ke3 Ng5 30. Rb1 Kc7 31. Rb4 Nf7 32. Rh4 h6 33. Rg4 Nd6 34. Rg6 Kd7 35. Rg7+ 1-0

[Event "XXXI Campeonato Regional Absoluto Individual"]
[Site "Museo del Vino - Jumilla 2016"]
[Date "2016-05-21"]
[Round "7.11"]
[White "José Carlos Martínez Bastida"]
[Black "José Antonio Carrillo Conesa"]
[WhiteElo "1650"]
[BlackElo "1673"]
[Result "1-0"]

1. d4 d5 2. Nc3 Nf6 3. Bf4 e6 4. Nb5 Na6 5. e3 Bd7 6. Bd3 Nb4 7. Nxc7+ Ke7 8. Nxa8 Nxd3+ 9. cxd3 Qxa8 10. Qc2 Nh5 
11. Bg5+ f6 12. Bh4 g5 13. Bg3 Nxg3 14. hxg3 Qb8 15. Rc1 Ke8 16. Qc7 Bd6 17. Qxb8+ Bxb8 18. Nf3 Kf7 19. Nd2 Bb5 
20. Ke2 Kg6 21. Nb3 b6 22. Rc2 e5 23. Rhc1 Ba6 24. Kd2 Bd6 25. a3 Bb7 26. dxe5 fxe5 27. Ke2 h5 28. Nd2 h4 29. Rh1 Kf5 
30. gxh4 gxh4 31. e4+ Kg4 32. Nf1 dxe4 33. dxe4 h3 34. f3+ Kf4 35. gxh3 Ba6+ 36. Kf2 Bc5+ 37. Rxc5 bxc5 38. Rg1 Bc8 
39. Ne3 Be6 40. Nd5+ Bxd5 41. Rg4# 1-0

[Event "XXXI Campeonato Regional Absoluto Individual"]
[Site "Museo del Vino - Jumilla 2016"]
[Date "2016-05-21"]
[Round "7.12"]
[White "Julio César Herreros Guillermo"]
[Black "Pedro Muñoz Candela"]
[WhiteElo "1855"]
[BlackElo "1628"]
[Result "1-0"]

1. e4 c5 2. Nf3 d6 3. d4 cxd4 4. Nxd4 Nf6 5. Nc3 a6 6. Bg5 e6 7. f4 Be7 8. Qf3 Nbd7 9. O-O-O Qc7 10. g4 h6 11. Bxf6 Nxf6 
12. Bg2 g6 13. Rhf1 O-O 14. f5 Kg7 15. Kb1 Bd7 16. h4 b5 17. g5 hxg5 18. hxg5 exf5 19. gxf6+ Bxf6 20. Nd5 Qc5 21. Nxf6 Kxf6 
22. exf5 g5 23. Nb3 Qc7 24. Qd5 Rac8 25. Qd4+ Ke7 26. Rde1+ Be6 27. c3 1-0

[Event "XXXI Campeonato Regional Absoluto Individual"]
[Site "Museo del Vino - Jumilla 2016"]
[Date "2016-05-21"]
[Round "7.14"]
[White "Manuel Giménez Gil"]
[Black "Fidel Torres Gómez"]
[WhiteElo "1727"]
[BlackElo "1268"]
[Result "1-0"]

1. e4 e5 2. Nf3 d6 3. d4 f5 4. Nc3 fxe4 5. Nxe4 Nf6 6. Nxf6+ gxf6 7. dxe5 fxe5 8. Ng5 Bf5 9. Bc4 Bg6 10. Qf3 Kd7 
11. Qxb7 Nc6 12. Bb5 Rb8 13. Qxc6+ Ke7 14. Qd5 Kf6 15. Qf3+ Ke7 16. Nf7 Bxf7 17. Bg5+ Ke6 
18. Qg4+ Kd5 19. Qc4# 1-0

[Event "XXXI Campeonato Regional Absoluto Individual"]
[Site "Museo del Vino - Jumilla 2016"]
[Date "2016-05-21"]
[Round "7.15"]
[White "Sergio Sánchez Gómez"]
[Black "Juan Antonio Martínez Martínez"]
[WhiteElo "1235"]
[BlackElo "1680"]
[Result "0-1"]

1. d4 d5 2. c4 dxc4 3. Nc3 e5 4. dxe5 Qxd1+ 5. Nxd1 Nc6 6. Nf3 Bb4+ 7. Nc3 Nge7 8. Bd2 Bg4 9. Bf4 Ng6 10. Bg3 Bxf3 
11. exf3 Ngxe5 12. Be2 O-O-O 13. O-O Rd2 14. f4 Bxc3 15. bxc3 Rxe2 16. fxe5 Nxe5 17. Rfe1 Rxe1+ 18. Rxe1 Nc6 
19. h3 Rd8 20. Bf4 Rd7 21. Kh2 Re7 22. Be3 Ne5 23. Kg3 Nc6 24. Re2 Rd7 25. Bd2 Rd3+ 26. f3 Kd7 27. Kf2 Ne7 
28. Ke1 Nd5 29. Re4 b5 30. Rd4 Rxd4 31. cxd4 c3 32. Bc1 Nb4 33. a3 Nd3+ 34. Kd1 Nxc1 35. Kxc1 a5 36. Kc2 b4 
37. a4 Kd6 38. Kd3 Kd5 39. g3 c5 40. dxc5 Kxc5 41. g4 Kd5 42. f4 Ke6 43. h4 f5 44. g5 g6 45. Kc2 Kd6 46. Kd3 0-1

[Event "XXXI Campeonato Regional Absoluto Individual"]
[Site "Museo del Vino - Jumilla 2016"]
[Date "2016-05-21"]
[Round "7.17"]
[White "Felix Sabater Sánchez"]
[Black "José Miguel Abad González"]
[WhiteElo "1988"]
[BlackElo "1848"]
[Result "1-0"]

1. d4 Nf6 2. c4 e6 3. Nc3 d5 4. Bg5 Be7 5. e3 Nbd7 6. Nf3 c6 7. Qc2 O-O 8. Bd3 h6 9. Bf4 dxc4 10. Bxc4 Nb6 11. Bb3 Nbd5 12. Bg3 Qa5 
13. O-O Nh5 14. Be5 Nhf6 15. a3 Re8 16. Rac1 Nxc3 17. bxc3 Nd7 18. Ba2 Nxe5 19. Nxe5 Bxa3 20. Ra1 Qc7 21. Bb1 Bd6 22. Qh7+ Kf8 
23. f4 f5 24. Qh8+ Ke7 25. Qxg7+ Kd8 26. Nf7+ Ke7 27. Nxh6+ Kd8 28. Nf7+ Ke7 29. Rf3 Bd7 30. Nxd6+ Kxd6 31. Qe5+ 1-0

[Event "XXXI Campeonato Regional Absoluto Individual"]
[Site "Museo del Vino - Jumilla 2016"]
[Date "2016-05-21"]
[Round "7.18"]
[White "Pablo Gil Manzano"]
[Black "Jose Alfredo Caballero Frutos"]
[WhiteElo "1685"]
[BlackElo "1639"]
[Result "0-1"]

1. d4 d5 2. c4 e6 3. cxd5 exd5 4. Nf3 Nf6 5. Bg5 Be7 6. Nc3 c6 7. Qc2 O-O 8. e3 Na6 9. Bxa6 bxa6 10. Na4 Qa5+ 11. Nd2 Bb4 12. Bxf6 gxf6 
13. Nc3 Bd7 14. O-O Kh8 15. Nb3 Qd8 16. Na4 Rg8 17. Nac5 Bh3 18. g3 Bxf1 19. Rxf1 Qc8 20. Rc1 Rb8 21. Nd3 Be7 22. Qxc6 Qxc6 23. Rxc6 Rgc8 
24. Rxa6 Rc7 25. Ra5 Rd8 26. Nbc5 Kg7 27. b4 Bxc5 28. dxc5 d4 29. e4 Re8 30. f3 f5 31. e5 f6 32. f4 fxe5 33. fxe5 Kf7 34. Ra6 Re6 
35. Ra3 Ke8 36. Rb3 f4 37. gxf4 Rg6+ 38. Kf2 Rcg7 39. Kf3 Rg2 40. b5 Rxa2 41. b6 axb6 42. cxb6 Ra8 43. b7 Rb8 44. Nc5 Rc7 
45. Rb5 Rxc5 46. Rxc5 Rxb7 47. Ke4 Rd7 48. Rd5 Rxd5 0-1

[Event "XXXI Campeonato Regional Absoluto Individual"]
[Site "Museo del Vino - Jumilla 2016"]
[Date "2016-05-21"]
[Round "7.19"]
[White "Antonio Palao Morales"]
[Black "Pedro Salmerón Castro"]
[WhiteElo "1637"]
[BlackElo "1360"]
[Result "1-0"]

1. e4 e5 2. Nf3 Nc6 3. Bc4 Nf6 4. Ng5 d5 5. exd5 Nxd5 6. Nxf7 Kxf7 7. Qf3+ Ke6 8. Nc3 Ne7 9. Qe4 c6 10. d4 Ng6 11. dxe5 Qh4 
12. Bxd5+ Kd7 13. Qxh4 Nxh4 14. Be4 Kc7 15. Be3 Be6 16. O-O g6 17. f4 Nf5 18. Bf2 h5 19. b3 Be7 20. Ne2 Rag8 21. Nd4 Nxd4 
22. Bxd4 Bf5 23. Rae1 b6 24. c4 c5 25. Bc3 Rd8 26. Bd5 Rhe8 27. Re3 a5 28. Bf7 Rf8 29. e6 Rd3 30. Rfe1 Rxc3 31. Rxc3 Rd8 
32. Rce3 Kc6 33. g3 b5 34. Kf2 a4 35. cxb5+ Kxb5 36. bxa4+ Kxa4 37. Rc3 Bg4 38. Rc2 h4 39. Bxg6 h3 40. Re3 Rd1 41. Re1 Rxe1 
42. Kxe1 Kb5 43. Bd3+ c4 44. Bxc4+ Ka4 45. Bb3+ Kb5 46. Rc7 Bb4+ 47. Kf2 Bc5+ 48. Rxc5+ Kxc5 49. e7 Bh5 50. Ke3 Kd6 
51. Ke4 Kxe7 52. f5 Kf6 53. Kf4 Be8 54. g4 Kg7 55. g5 Bd7 56. Be6 Be8 57. Kg4 1-0

[Event "XXXI Campeonato Regional Absoluto Individual"]
[Site "Museo del Vino - Jumilla 2016"]
[Date "2016-05-21"]
[Round "7.20"]
[White "Joaquín Macia Senent"]
[Black "Carlos Javier Molina Molina"]
[WhiteElo "1407"]
[BlackElo "1643"]
[Result "0-1"]

1. d4 Nf6 2. c4 e6 3. Nc3 c5 4. Nf3 cxd4 5. Nxd4 a6 6. Bg5 Be7 7. e3 O-O 8. Bd3 Nc6 9. Nxc6 bxc6 10. Qc2 h6 11. Bh4 d5 12. O-O e5 
13. Rad1 e4 14. Nxe4 dxe4 15. Bxe4 Qc7 16. Bg3 Qb6 17. Bf3 Bg4 18. Bxg4 Nxg4 19. Rd4 Nf6 20. Bd6 Bxd6 21. Rxd6 Rad8 22. c5 Qc7 
23. Rfd1 Rfe8 24. Qa4 Ne4 25. Qxe4 Rxe4 26. Rxd8+ Kh7 27. R1d7 Qa5 28. g3 Qxc5 29. Rxf7 Re7 30. Rff8 Qc1+ 31. Kg2 Qxb2 
32. Rh8+ Kg6 33. Rd6+ Kf7 34. Rxc6 Qb7 35. Rc8 Qb2 36. Rc2 Qe5 37. R8c6 Kg8 38. R2c5 Qe4+ 39. Kh3 Re5 40. Rxe5 Qxc6 
41. Ra5 Qf3 42. Rxa6 Qxf2 43. Ra3 Qf1+ 44. Kg4 Qg2 45. h4 Qd2 46. Kh3 Qc1 47. Rb3 Qc2 48. Ra3 Qb2 49. Ra4 Kf7 50. Rf4+ Ke6 
51. a4 Ke5 52. h5 Qb3 53. Rg4 Qe6 54. Kh4 Kd5 55. e4+ Kc5 56. a5 Qa6 57. Rxg7 Qf6+ 0-1

[Event "XXXI Campeonato Regional Absoluto Individual"]
[Site "Museo del Vino - Jumilla 2016"]
[Date "2016-05-21"]
[Round "7.21"]
[White "Diego Juan García Lopez"]
[Black "Francisco Javier Baños Cumbrera"]
[WhiteElo "1247"]
[BlackElo "1531"]
[Result "1/2-1/2"]

1. d4 d5 2. c4 e6 3. Nc3 Nf6 4. Bg5 Be7 5. e3 Nbd7 6. Bd3 c6 7. Nge2 dxc4 8. Bxc4 Nd5 9. Bxe7 Qxe7 10. O-O O-O 11. e4 N5f6 
12. Ng3 e5 13. d5 Nb6 14. Bb3 Rd8 15. Qd3 cxd5 16. Rfd1 d4 17. Nce2 Nbd7 18. Nf5 Qf8 19. f4 Nc5 20. Qg3 Nxb3 21. Qxb3 Nxe4 
22. Nfg3 Nxg3 23. Qxg3 exf4 24. Nxf4 Qd6 25. Ne2 Qxg3 26. Nxg3 Be6 27. b3 Rac8 28. Rac1 Rxc1 29. Rxc1 f5 30. Rd1 Kf7 31. Ne2 d3 
32. Nf4 d2 33. Nxe6 Kxe6 34. Kf2 Ke5 35. Ke2 Ke4 36. Rxd2 Rxd2+ 37. Kxd2 Kd4 38. g3 g5 39. h3 h5 40. a3 b5 41. a4 bxa4 42. bxa4 a5 
43. Ke2 Ke4 44. Kf2 f4 45. gxf4 Kxf4 46. Kg2 g4 47. hxg4 hxg4 48. Kf2 g3+ 49. Kg2 Kg4 50. Kg1 Kf3 51. Kh1 Ke3 52. Kg2 Kd3 53. Kxg3 Kc3 
54. Kf3 Kb3 55. Ke2 Kxa4 56. Kd2 Kb3 57. Kc1 Ka2 58. Kc2 a4 59. Kc3 a3 60. Kc2 Ka1 61. Kc1 a2 62. Kc2 1/2-1/2

[Event "XXXI Campeonato Regional Absoluto Individual"]
[Site "Museo del Vino - Jumilla 2016"]
[Date "2016-05-21"]
[Round "7.23"]
[White "Francisco Javier Tomás Alonso"]
[Black "Jesús Salmerón Lucas"]
[WhiteElo "1422"]
[BlackElo "1417"]
[Result "1/2-1/2"]

1. d4 e6 2. Nf3 d5 3. Bf4 Bd6 4. Bg3 c5 5. c3 Qb6 6. Qb3 Qxb3 7. axb3 Bxg3 8. hxg3 b6 9. Na3 Bd7 10. e3 a6 11. Ne5 f6 
12. Nxd7 Kxd7 13. Bd3 f5 14. c4 Nf6 15. Nc2 a5 16. b4 Nc6 17. bxc5 bxc5 18. dxc5 Rhb8 19. cxd5 Ne5 20. dxe6+ Ke7 
21. Bxf5 Rxb2 22. Nd4 g6 23. Bb1 Nc4 24. O-O Ne8 25. Rc1 Ne5 26. Be4 Rc8 27. Rxa5 Nf6 28. Ra7+ Ke8 29. Bb7 Rc7 30. c6 Nfg4 
31. Ra8+ Ke7 32. Rh8 Nf6 33. Rd1 Neg4 34. Rf1 Rb4 35. Rc8 Rxc8 36. Bxc8 Ne8 37. Bd7 Nc7 38. Re1 Rb2 39. f3 Ne5 40. Rd1 Nc4 
41. e4 Ne3 42. Re1 Nxg2 43. Re2 Rxe2 44. Nxe2 Ne3 45. Kh2 Nxe6 46. Nf4 Nc7 47. Kg1 Nc4 48. Nd5+ Nxd5 49. exd5 Nb6 50. Bg4 Nxd5 
51. f4 Kd6 52. Bf3 Kxc6 53. Kf2 Kd6 54. Bxd5 Kxd5 55. Ke3 h6 56. Kf3 Ke6 57. Ke4 h5 58. Ke3 Kf5 59. Kf3 g5 60. fxg5 1/2-1/2

[Event "XXXI Campeonato Regional Absoluto Individual"]
[Site "Museo del Vino - Jumilla 2016"]
[Date "2016-05-21"]
[Round "7.25"]
[White "Javier Valera Aznar"]
[Black "Ana Isabel Durán Cerezo"]
[WhiteElo "1190"]
[BlackElo "1258"]
[Result "1-0"]

1. e4 e6 2. d4 d5 3. e5 c5 4. c3 Nc6 5. Nf3 b6 6. a3 a5 7. Bb5 Bd7 8. O-O Nge7 9. Bg5 Qc7 10. Qd3 h6 11. Be3 Nf5 12. Kh1 Be7 
13. Nbd2 Na7 14. Bxd7+ Qxd7 15. a4 O-O 16. b3 Bd8 17. dxc5 bxc5 18. Bxc5 Re8 19. Rab1 Be7 20. Bxe7 Qxe7 21. b4 axb4 
22. cxb4 f6 23. Rfe1 Nc6 24. Qb3 g5 25. b5 Na5 26. Qb4 g4 27. Ng1 Qg7 28. exf6 Qxf6 29. Qxg4+ Kh7 30. Nh3 Rg8 31. Qf3 e5 
32. g4 e4 33. Qxf5+ Qxf5 34. gxf5 Rgf8 35. f3 exf3 36. Re7+ Kh8 37. Re5 Rac8 38. Nxf3 Rc3 39. Nhg1 Rc2 40. Rxd5 Kg7 
41. b6 Nc4 42. b7 Ne3 43. Rd7+ Kf6 44. Rb6+ Kxf5 45. Nd4+ Ke4 46. Nxc2 Ng4 47. b8=Q Rf2 48. Qe8+ Kf5 49. Rf7+ 1-0

[Event "XXXI Campeonato Regional Absoluto Individual"]
[Site "Museo del Vino - Jumilla 2016"]
[Date "2016-05-28"]
[Round "8.1"]
[White "Emilio Miguel Sánchez Jerez"]
[Black "Pedro Pol Plazas"]
[WhiteElo "2272"]
[BlackElo "1888"]
[WhiteTitle "FM"]
[Result "1-0"]

1. e4 c5 2. Nc3 Nc6 3. Nge2 d6 4. d4 cxd4 5. Nxd4 Nf6 6. Be3 Ng4 7. Bb5 Nxe3 8. fxe3 Bd7 9. O-O Ne5 
10. Nf3 Bxb5 11. Nxb5 Qb6 12. Nxe5 dxe5 13. Qd5 f6 14. Rad1 a6 15. Qd7+ Kf7 16. Nd6+ 1-0

[Event "XXXI Campeonato Regional Absoluto Individual"]
[Site "Museo del Vino - Jumilla 2016"]
[Date "2016-05-28"]
[Round "8.2"]
[White "Sonia Gil Quilez"]
[Black "Antonio Galiano Martínez"]
[WhiteElo "2060"]
[BlackElo "1946"]
[WhiteTitle "WFM"]
[Result "1-0"]

1. d4 Nf6 2. c4 e6 3. Nc3 Bb4 4. Qc2 Nc6 5. e3 O-O 6. a3 Bxc3+ 7. Qxc3 d6 8. Nf3 Re8 9. Be2 e5 10. dxe5 Nxe5 
11. Qc2 Nfg4 12. Nxe5 Nxe5 13. Bd2 Be6 14. h3 c6 15. O-O Qh4 16. f4 Qg3 17. fxe5 Bxh3 18. Bf3 Rxe5 
19. Bc3 Re6 20. Qf2 Qg5 21. Bg4 f5 22. Bxh3 1-0

[Event "XXXI Campeonato Regional Absoluto Individual"]
[Site "Museo del Vino - Jumilla 2016"]
[Date "2016-05-28"]
[Round "8.3"]
[White "Luis Fernández Álvarez"]
[Black "Luis Gómez Palazón"]
[WhiteElo "2085"]
[BlackElo "2052"]
[Result "1-0"]

1. e4 d5 2. exd5 Nf6 3. Be2 Nxd5 4. d4 g6 5. Nf3 Bg7 6. O-O O-O 7. c3 Nd7 8. Re1 e6 9. Bg5 Bf6 10. Bxf6 Qxf6 11. c4 Nf4 12. Bf1 c5 
13. Nc3 cxd4 14. Ne4 Qg7 15. Qxd4 Qxd4 16. Nxd4 e5 17. Nb5 Ne6 18. Rad1 Kg7 19. Ned6 Rd8 20. g3 a6 21. Nc3 Nd4 22. Bg2 Nb6 23. c5 Nd7 
24. Nxb7 Bxb7 25. Bxb7 Nxc5 26. Bxa8 Rxa8 27. Kg2 f6 28. Rd2 Nce6 29. Ne2 Nf5 30. Rd7+ Kh6 31. Rc1 Rb8 32. b3 Rb6 33. Rc8 Nd6 34. Ra8 Rc6 
35. Raa7 Nf8 36. Rdc7 Rb6 37. Nc3 Kg5 38. h4+ Kf5 39. Nd5 Rb5 40. Ne3+ Ke4 41. Rxa6 1-0

[Event "XXXI Campeonato Regional Absoluto Individual"]
[Site "Museo del Vino - Jumilla 2016"]
[Date "2016-05-28"]
[Round "8.4"]
[White "Alejandro Castellanos Gómez"]
[Black "Ángel Murcia Paredes"]
[WhiteElo "2137"]
[BlackElo "2128"]
[BlackTitle "CM"]
[Result "1-0"]

1. d4 Nf6 2. Nf3 g6 3. Bf4 Bg7 4. Nc3 d5 5. e3 O-O 6. Be2 b6 7. Ne5 Bb7 8. h4 c5 9. h5 Ne4 10. Nxe4 dxe4 11. hxg6 hxg6 
12. Bc4 b5 13. Qg4 bxc4 14. Qh3 Qa5+ 15. c3 Rd8 16. Qh7+ Kf8 17. Bh6 1-0

[Event "XXXI Campeonato Regional Absoluto Individual"]
[Site "Museo del Vino - Jumilla 2016"]
[Date "2016-05-28"]
[Round "8.6"]
[White "Daniel Navarro Martínez"]
[Black "José Ruiz García"]
[WhiteElo "1932"]
[BlackElo "1836"]
[Result "1/2-1/2"]

1. e4 c5 2. Nf3 e6 3. d4 cxd4 4. Nxd4 a6 5. c4 Nc6 6. Nc3 Bc5 7. Nb3 Ba7 8. Bd3 Nge7 9. O-O O-O 10. Bf4 e5 11. Bg3 d6 
12. Kh1 Be6 13. f4 exf4 14. Bxf4 Ng6 15. Bg3 Nge5 16. Nd5 Nxd3 17. Qxd3 Ne5 18. Bxe5 dxe5 19. Qg3 Bxd5 20. cxd5 Qd6 
21. Nd2 Qb4 22. Qc3 Qxc3 23. bxc3 Rac8 24. Rf3 Bc5 25. a4 b6 26. Rb1 f6 27. g4 h6 28. Kg2 Kf7 29. Nc4 Kg6 30. Nxb6 Bxb6 
31. Rxb6 Rc4 32. Rb4 Rfc8 33. d6 Rxc3 34. d7 Rc2+ 35. Kg3 Rd8 36. Rd3 Rc7 37. Rb6 Rcxd7 38. Rxd7 Rxd7 39. Rxa6 Rd3+ 
40. Kf2 Kg5 41. Ra7 Kxg4 42. Rxg7+ Kf4 43. a5 Kxe4 44. Rg4+ Kf5 45. Ra4 Rd7 46. a6 Ra7 47. Kf3 Ke6 48. Ra5 f5 
49. Ke3 1/2-1/2

[Event "XXXI Campeonato Regional Absoluto Individual"]
[Site "Museo del Vino - Jumilla 2016"]
[Date "2016-05-28"]
[Round "8.7"]
[White "Leopoldo González Brusi"]
[Black "Juan Sergio Perez Hernández"]
[WhiteElo "1923"]
[BlackElo "1838"]
[WhiteTitle "AGM"]
[Result "1-0"]

1. e4 e5 2. Nf3 Nc6 3. d4 exd4 4. Bc4 h6 5. Nxd4 Bc5 6. Bxf7+ Kf8 7. Nxc6 Qf6 8. O-O Kxf7 9. Qd5+ Ke8 10. Qxc5 bxc6 
11. e5 Qe6 12. Qa5 Kd8 13. Nc3 Ne7 14. b3 Qf5 15. Ba3 Re8 16. Bd6 Rg8 17. Qxc7+ Ke8 18. e6 g5 19. Rfe1 Rg7 20. Re5 Qf6 
21. exd7+ Bxd7 22. Rae1 Rf7 23. Rxe7+ Rxe7 24. Bxe7 Qxc3 25. Bb4+ Qxe1+ 26. Bxe1 Rc8 27. Qe5+ Kf7 28. Bc3 Kg6 
29. Qg7+ 1-0

[Event "XXXI Campeonato Regional Absoluto Individual"]
[Site "Museo del Vino - Jumilla 2016"]
[Date "2016-05-28"]
[Round "8.8"]
[White "Pablo Jiménez Ruiz"]
[Black "Felipe Alcaraz Martínez"]
[WhiteElo "1551"]
[BlackElo "1887"]
[Result "0-1"]

1. d4 d5 2. Nc3 Nf6 3. Bf4 a6 4. e3 e6 5. Nf3 c5 6. dxc5 Bxc5 7. Bd3 Nc6 8. a3 O-O 9. O-O h6 10. e4 Nh5 11. exd5 Nxf4 
12. dxc6 Nxd3 13. cxb7 Bxb7 14. Qxd3 Qxd3 15. cxd3 Rfd8 16. Rad1 Rac8 17. Rfe1 Bxa3 18. Ne4 Bxb2 19. Rb1 Rc2 
20. Red1 f5 21. Ne1 Rc7 22. Rxb2 Bxe4 23. f3 Bd5 24. Ra1 Rd6 25. Nc2 Rb7 26. Rxb7 Bxb7 27. Ra3 Rb6 28. Kf1 Kf7 
29. Ke2 Kf6 30. d4 Bc6 31. Ke3 g5 32. g3 Bd5 33. f4 Rb3+ 34. Rxb3 Bxb3 35. Nb4 a5 36. Nd3 Bd5 37. Nc1 a4 38. Kd3 gxf4 
39. gxf4 Kg6 40. Kc3 a3 41. Nd3 Kh5 42. Nf2 a2 43. Kb2 Kg6 44. Ka1 Kf7 45. Nd3 Ke7 46. Ne5 h5 47. Nd3 Kd6 48. Nb4 Bc4 
49. h4 Kc7 50. Kb2 Kb6 51. Nc2 Bd5 52. Kc3 Be4 53. Na1 Kb5 54. Nb3 Bd5 55. Na1 Bc4 56. Nc2 Be2 57. Na1 Bd1 58. Kd2 Ba4 
59. Kc3 Kc6 60. Kc4 Kd6 61. Kb4 Bd1 62. Kc4 Kc6 63. Kc3 Kb5 64. Kd2 Ba4 65. Kc3 Kc6 66. Kc4 Bd1 67. Kd3 Kd5 68. Kd2 Ba4 
69. Kd3 Bb5+ 70. Kc3 Ke4 71. Kb4 Bc6 72. Ka3 Bd5 0-1